| 000 | 00917cam a22002773a 4500 | ||
|---|---|---|---|
| 001 | 15093 | ||
| 003 | PGUSA | ||
| 005 | 20140828083326.0 | ||
| 008 | 050217s2005||||xxu|||||s|||||000 1 eng d | ||
| 040 |
_aPGUSA _beng |
||
| 042 | _adc | ||
| 050 | 4 | _aPS | |
| 050 | 4 | _aPZ | |
| 100 | 1 |
_aDaviess, Maria Thompson, _d1872-1924 |
|
| 245 | 1 | 0 |
_aPhyllis _h[electronic resource] / _cMaria Thompson Daviess |
| 260 |
_bProject Gutenberg, _c2005 |
||
| 500 | _aImages of the original pages are available through the Kentuckiana Digital Library Electronic Text Collection. See http://kdl.kyvl.org/cgi/t/text/text-idx?;page=simpleext | ||
| 506 | _aPublic domain in the USA. | ||
| 516 | _aElectronic text | ||
| 653 | _aGirls -- Fiction | ||
| 653 | _aHarpeth Valley (Tenn.) -- Fiction | ||
| 700 | 1 | _aJohnson, Percy D. | |
| 830 | 0 |
_aProject Gutenberg _v15093 |
|
| 856 | 4 | 0 | _uhttp://www.gutenberg.org/ebooks/15093 |
| 942 | _cEB | ||
| 999 |
_c244348 _d244348 |
||